000 00421nam a2200181Ia 4500
001 22821
005 20260414150856.0
008 260414t2018||||xx |||||||||||||| ||spa||
041 _aESP
082 _a624.15
_bP35
100 _aPeck, Ralph B.
_eAUT
245 0 _aIngenierĂ­a de cimentaciones
_b
260 _c2018
300 _a557 páginas :
_c26 cm.
650 _a0
654 _aCIC
942 _cLIB
_dJUS
_fJUS
_2ddc
_n
999 _c22821
_d22821